000
00260nam a22001097a 4500
999
_c
64900
_d
64897
082
_a
297.03 u p l
100
_a
یونیورستی اہف پنجاب
245
_a
انسائکلوپیدیا
260
_a
لاھور
_c
۱۹۹۳
300
_a
۶۰۳
942
_c
BK